Jataka tales pollution solution / (Record no. 29994)

MARC details
000 -LEADER
fixed length control field 00883nam a22002417a 4500
005 - DATE AND TIME OF LATEST TRANSACTION
control field 20090904114332.0
008 - FIXED-LENGTH DATA ELEMENTS--GENERAL INFORMATION
fixed length control field 090903t xxu||||| |||| 00| 0 eng d
010 ## - LCCN (DPL NO)
LC control number B-356996
020 ## - INTERNATIONAL STANDARD BOOK NUMBER
International Standard Book Number 9788126418916
Terms of availability 60.00
035 ## - SYSTEM CONTROL NUMBER
System control number B-356996
037 ## - SOURCE OF ACQUISITION
Source of stock number/acquisition DBAD / PUB
040 ## - CATALOGING SOURCE
Original cataloging agency dpl
Language of cataloging English
082 ## - DEWEY DECIMAL CLASSIFICATION NUMBER
Classification number S
100 ## - MAIN ENTRY--PERSONAL NAME
Personal name Arthy Muthanna Singh
245 ## - TITLE STATEMENT
Title Jataka tales pollution solution /
Statement of responsibility, etc retold by Arthy Muthanna Singh; illustrated by Sudheer P.Y.
260 ## - PUBLICATION, DISTRIBUTION, ETC. (IMPRINT)
Place of publication, distribution, etc Kerala
Name of publisher, distributor, etc D C Books
Date of publication, distribution, etc 2008
270 ## - ADDRESS
Address D C Kizhakemuri Edam, Good Shepherd Street, Kottayam
City Kerala
Postal code 686001
300 ## - PHYSICAL DESCRIPTION
Extent 29p. :
Dimensions 22cm(pbk)
Other physical details col. ill.
650 ## - SUBJECT ADDED ENTRY--TOPICAL TERM
Topical term or geographic name as entry element Jataka stories
700 ## - ADDED ENTRY--PERSONAL NAME
Personal name Sudheer P.Y.
942 ## - ADDED ENTRY ELEMENTS (KOHA)
Source of classification or shelving scheme Dewey Decimal Classification
Item type Children Books
Classification part S
Call number suffix ART
Holdings
Withdrawn status Lost status Source of classification or shelving scheme Damaged status Not for loan Collection code Home library Current library Date acquired Source of acquisition Cost, normal purchase price Total Checkouts Full call number Barcode Date last seen Copy number Cost, replacement price Koha item type
    Dewey Decimal Classification     Fiction Janak Puri Janak Puri 04/09/2009 DBAD / PUB 60.00 3 S ART B-356996 28/01/2014 1 60.00 English Books

© Delhi Public Library
Hit Counter
free hit counter